Państwa azjatyckie bez wilków - Statystyki

Ogólne statystyki
  • Ten quiz został rozwiązany 3 022 razy
  • Średni wynik to 14 z 20
Statystyki odpowiedzi
Państwa % Poprawnych
Japonia
90%
Indonezja
89%
Wietnam
84%
Tajlandia
83%
Laos
82%
Korea Południowa
81%
Malezja
80%
Singapur
77%
Kambodża
76%
Filipiny
74%
Mjanma
72%
Tajwan
71%
Sri Lanka
70%
Brunei
69%
Timor Wschodni
68%
Bahrajn
62%
Bangladesz
62%
Zjednoczone Emiraty Arabskie
61%
Malediwy
58%
Cypr
40%
Nie znaleziono quizów pasujących do podanych kryteriów
Rozkład punktacji
Procent ludzi z każdym wynikiem
Percentyl według liczby udzielonych odpowiedzi
Twoja historia wyników
Nie rozwiązałeś tego quizu